000 07293nam0a22007931 4500
001 RU\NLR\A1\11485
005 20260406165921.0
035 _a(NLR Aleph) 009674272
090 _a9675782
_c9675782
100 _a19981211d1790 u y0rusy50 ca
101 1 _arus
_cger
102 _aRU
135 _acrcn 024anaba
140 _ay y ga yaa0100
200 1 _aИзвестие о дворянах российских.
_eО их древнем произхождении; о старинных чинах, и какия их были должности при государях, царях и великих князьях; о выборе доказательств на дворянство; о родословной книге; о владении деревень; о службе предков и собственной, и о дипломах.
_fСочиненное коллежским советником Ф.... И.... Миллером.
_gИздано И[ваном] Р[ахманиновым]
_gС присоединением некоторых относящихся к тому же предмету статей
210 _aВ Санктпетербурге
_c[Тип. Рахманинова]
_d1790
215 _a[6], 494, [4] c.
_d
305 _aТит. л. и список подписавшихся на изд. имеются в 2-х вариантах. Первоначально кн. появилась в продаже без указания имени авт. и изд. под загл. "Известие о дворянех российских...". В том же 1790 г., после поднесения кн. Екатерине II, Рахманинов снабдил ее новым тит. л. с указанием авт. и изд. и посвящ. Екатерине II. Тогда же, по-видимому, был перепечатан список подписчиков - "Имена подписавшихся" (5 с.). В новом списке, названном "Имена подписавшихся особ" (4 с.), фамилии подписчиков расположены по городам, опечатки исправлены. Посвящ. Екатерине II и новый список подписчиков встречаются в сочетании с тит. л. обоих вариантов.
305 _aРабота по собиранию сведений о российских дворянах была предпринята Г.Ф.Миллером в 1770-х гг. в Архиве Коллегии иностр. дел и в Разрядном архиве вследствие распоряжения Екатерины II представить сведения по вопросам: 1. Какие есть узаконения на дворянство? 2. Какие бывали дворянские службы и какие ныне есть? и 3. Выбрать доказательства на дворянство. Конечной целью работы было составление полной Родословной книги. В кн. материал расположен в соответствии с вопросами, заданными Екатериной II
316 _aЭкз. СПбГУ: тит. л. - вар.1, посвящ. Екатерине II отсутствует; список подписчиков в двух вар.: вар.1 "Имена подписавшихся" (деф.; нет. с.[1-2]), вар.2 - "Имена подписавшихся особ" (С.[1-4], приплетен после с.494)
_5СПбГУ
316 _aЭкз. РНБ (38.53.4.59) отреставр. с сохранением фрагментов старого кож. пер. на крышках и ледерин. корешком. На нижн. крышке пер. наклейка с шифром и техн. наклейка. На тит. л. и с.33 круглый штамп ГПБ. Размер:13,5х20,2х3,5 см.
_5NLR: 38.53.4.59
316 _aЭкз. РНБ (РЗФ 18 в. 3/1981) Вар. 1
_5NLR: РЗФ 18 в. 3/1981
316 _aЭкз. ФБ РГПУ деф.: отсутствуют 2 ненумер. страницы.
_5ФБ РГПУ
317 _aЭкз. СПбГУ из б-ки Высш. жен. (Бестужев.) курсов (б-ка Е. Е. Замысловского)
_5СПбГУ
317 _aЭкз. ГМЗПавловск из Б-ки Имп. Марии Федоровны
_5ГМЗПавловск
317 _aЭкз. ФБ РГПУ из: собраний И. И. Дитятина, В. Бирюлина, б-ки Женского педагогического института
_5ФБ РГПУ
320 _aСокращенная роспись алфавитным порядком тем фамилиям от которых родословныя росписи в Розряд поданы... (С.371-494)
321 _aСК XVIII 4233
325 _aКопия доступна в Электрон. б-ке РНБ
620 _dСанкт-Петербург
700 1 _8rus
_7ca
_aМиллер
_bГ.Ф.
_f1705-1783
_gГерард Фридрих
_3RU\NLR\AUTH\7734029
_917035
702 1 _4650
_8rus
_7ca
_aРахманинов
_bИ. Г.
_f1753-1807
_gИван Герасимович
_3RU\NLR\AUTH\77100573
_983499
702 0 _4560
_8rus
_7ca
_aЕкатерина
_cимператрица российская
_dII
_f1729-1796
_3RU\NLR\AUTH\772098
_9112115
702 0 _4390
_8rus
_7ca
_aМария Федоровна
_cимператрица российская
_f1759-1828
_3RU\NLR\AUTH\7712606
_9122317
702 1 _4390
_8rus
_7ca
_aЗамысловский
_bЕ. Е.
_cисторик
_f1841-1896
_gЕгор Егорович
_3RU\NLR\AUTH\77108986
_991911
702 1 _aДитятин
_bИ. И.
_5ФБ РГПУ
_4390
702 1 _aБирюлин
_bВ.
_5ФБ РГПУ
_4390
712 0 0 _4610
_aРахманинов,
_cПетербург
_gИ. Г.,
_hтипография
_9517419
_3RU\NLR\AUTH\880426446
790 1 _6z01700
_aМиллер
_bФ.И.
801 0 _aRU
_bNLR
_c19981211
852 _aNLR
_j38.53.4.59
852 _aNLR
_j18.340.80
852 _aNLR
_j138/1583
852 _aNLR
_jМф К1/12369
852 _aNLR
_jМф К1/15072
852 _aNLR
_bРЗФ
_j18 в. 3/1981
_yВар.1
856 0 _uhttps://vivaldi.nlr.ru/bx000035759/view
856 1 _uhttps://vivaldi.nlr.ru/bx000035759/cover
856 2 _uhttps://vivaldi.nlr.ru/bx000035759/text
899 _aГМЗПавловск
_zВар.1
899 _aРГБ
_zВар.1, 2
899 _aБАН
_zВар.1, 2
899 _aГПИБ
_zВар.1, 2
899 _aЗНБ СГУ
_zВар.1, 2 экз.
899 _aГМЗРК
899 _aСОКМ
899 _aСПбГУ
_zВар.1, 2
899 _aНБЛ КГУ
899 _aФБ РГПУ
_z2 экз.
942 _cBOOK
980 _aNB
980 _aGENEAL01
980 _aGENEAL01
980 _aA1XVIIIv
980 3 _akp
981 2 0 _a(20) Книжные памятники РНБ
_b(20) Русский книжный фонд